|
|
|
|
| LEADER |
00000cam a2200000 7i4500 |
| 001 |
0000015801 |
| 005 |
20151222.0 |
| 008 |
080414 |
| 020 |
|
|
|a 9833989614
|
| 090 |
0 |
0 |
|a AGR MAL
|
| 100 |
0 |
|
|a Mahani Abu Bakar
|
| 245 |
1 |
0 |
|a Dasar kerajaan dan sektor pertanian
|c Mahani Abu Bakar
|
| 260 |
|
|
|a Kuala Lumpur :
|b Pustaka Segar ,
|c 2008
|
| 440 |
|
|
|a Industri tani Malaysia
|
| 500 |
|
|
|a Children ages 10-12 years old (pink)
|
| 650 |
|
0 |
|a Agriculture and state
|z Malaysia
|x Juvenile literature
|
| 999 |
|
|
|a 0001018670
|b Book
|c Children Collection
|e Perbadanan Perpustakaan Awam Johor
|
| 999 |
|
|
|a 0001018671
|b Book
|c Children Collection
|e Perbadanan Perpustakaan Awam Johor
|
| 999 |
|
|
|a 0001018672
|b Book
|c Children Collection
|e Perbadanan Perpustakaan Awam Johor
|
| 999 |
|
|
|a 0001062096
|b Book
|c Children Collection
|e Cawangan Taman Sri Lambak
|
| 999 |
|
|
|a 0001062097
|b Book
|c Children Collection
|e Cawangan Taman Sri Lambak
|
| 999 |
|
|
|a 0001062098
|b Book
|c Children Collection
|e Cawangan Taman Sri Lambak
|